The diversity of moths in Air Hitam Forest Reserve, Puchong

Bibliographic Details
Main Author: MOHAMED Ali bin Haji Hawari
Format: Book
Published: Serdang, Selangor : UPM , 1999
Subjects:

MARC

LEADER 00000cam a2200000 7i4500
001 0000000892
005 20140405.0
090 0 0 |a R THE595.78   |b MOH 1999 
100 0 0 |a MOHAMED Ali bin Haji Hawari 
245 1 4 |a The diversity of moths in Air Hitam Forest Reserve, Puchong   |c Mohamed Ali bin Haji Hawari 
260 0 0 |a Serdang, Selangor :   |b UPM ,   |c 1999 
300 |a v, 45 p. :   |b col. photos ;   |c 30 cm. 
500 0 0 |a Bachelor of Forest Science - UPM, 1999 
650 0 0 |a Moths   |z Selangor 
998 |a JPSM 
999 |a 0000001910   |b Monograph   |c Thesis   |e Default branch